000 00789cam a2200253 a 4500
001 15503695
005 20180206041857.0
008 081029s2008 mau b 001 0 eng
010 _a 2008047487
020 _a9780073526270 (alk. paper)
020 _a0073526274 (alk. paper)
040 _aDLC
_cDLC
041 _aeng
043 _an-us---
080 _a320.473 HAR
082 0 0 _a320.473 HAR
_222
100 _a19
101 _aPOL
245 0 0 _aAmerican democracy now /
_cBrigid Callahan Harrison ... [et al.].
504 _aIncludes bibliographical references and index.
906 _a7
_bcbc
_corignew
_d1
_eecip
_f20
_gy-gencatlg
942 _2ddc
_cBK
999 _c41885
_d41885